Nuôi cấy mô tế bào thực vật : Nghiên cứu và ứng dụng

সংরক্ষণ করুন:
গ্রন্থ-পঞ্জীর বিবরন
প্রধান লেখক: Nguyễn, Đức Thành
বিন্যাস: গ্রন্থ
ভাষা:Undetermined
প্রকাশিত: Hà Nội Nông Nghiệp 2000
বিষয়গুলি:
ট্যাগগুলো: ট্যাগ যুক্ত করুন
কোনো ট্যাগ নেই, প্রথমজন হিসাবে ট্যাগ করুন!
Thư viện lưu trữ: Trung tâm Học liệu Trường Đại học Cần Thơ
LEADER 00666nam a2200217Ia 4500
001 CTU_39377
008 210402s9999 xx 000 0 und d
082 |a 581.0724 
082 |b Th107 
100 |a Nguyễn, Đức Thành 
245 0 |a Nuôi cấy mô tế bào thực vật : 
245 0 |b Nghiên cứu và ứng dụng 
245 0 |c Nguyễn Đức Thành 
260 |a Hà Nội 
260 |b Nông Nghiệp 
260 |c 2000 
526 |a Nuôi cấy mô Thực vật 
526 |b TN340 
650 |a Cell culture,Tissue culture 
904 |i Qhieu 
980 |a Trung tâm Học liệu Trường Đại học Cần Thơ